Catálogo Biblioteca Central

How to spend it : (Registro nro. 232746)

Detalles MARC
000 -CABECERA
campo de control de longitud fija 00524naa a22001577a 4500
001 - NÚMERO DE CONTROL
campo de control 232746
003 - IDENTIFICADOR DEL NÚMERO DE CONTROL
campo de control ES-MaBCM
005 - FECHA Y HORA DE LA ÚLTIMA TRANSACCIÓN
campo de control 20260325120526.0
008 - CÓDIGOS DE INFORMACIÓN DE LONGITUD FIJA
campo de control de longitud fija 260325s2024 uk ||||| |||| 00| 0 eng d
040 ## - FUENTE DE LA CATALOGACIÓN
Centro transcriptor ES-MaBCM
245 00 - MENCIÓN DE TÍTULO
Título How to spend it :
Resto del título the EU's covid-19 recovery fund has worked, but not as intended
650 #0 - PUNTO DE ACCESO ADICIONAL DE MATERIA--TÉRMINO DE MATERIA
Término de materia o nombre geográfico como elemento inicial Enfermedad por coronavirus
9 (RLIN) 129538
650 #0 - PUNTO DE ACCESO ADICIONAL DE MATERIA--TÉRMINO DE MATERIA
Término de materia o nombre geográfico como elemento inicial Next Generation EU
9 (RLIN) 127703
773 0# - ENLACE AL DOCUMENTO FUENTE
Lugar editor y fecha de publicación London
Parte(s) relacionada(s) Vol. 450, n. 9384 (Feb. 2024), p. 19-20 - Loc. S.276
Título The economist
Número de control del registro relacionado 104401
942 ## - ELEMENTOS DE PUNTO DE ACCESO ADICIONAL (KOHA)
Fuente del sistema de clasificación o colocación Universal Decimal Classification
Tipo de ítem Koha Artículos de revistas
Existencias
Estado de retiro Estado de pérdida Fuente del sistema de clasificación o colocación Estado dañado No para préstamo Localización permanente Ubicación/localización actual Ubicación en estantería Fecha de adquisición Total de préstamos Fecha visto por última vez Precio válido a partir de Tipo de ítem Koha
    Universal Decimal Classification     Biblioteca Central del Ministerio de la Presidencia Biblioteca Central del Ministerio de la Presidencia Sala 25/03/2026   25/03/2026 25/03/2026 Artículos de revistas